Normal view
MARC view
- Management--Employee participation--Developing countries
Entry Topical Term
001 - CONTROL NUMBER
- control field: 2957
003 - CONTROL NUMBER IDENTIFIER
- control field: JO-AjAnu
005 - DATE AND TIME OF LATEST TRANSACTION
- control field: 20230606070804.0
008 - FIXED-LENGTH DATA ELEMENTS
- fixed length control field: 230606|| aca||aabn | a|a d
040 ## - CATALOGING SOURCE
- Original cataloging agency: JO-AjAnu
- Transcribing agency: JO-AjAnu
150 ## - HEADING--TOPICAL TERM
- Topical term or geographic name entry element: Management--Employee participation--Developing countries
670 ## - SOURCE DATA FOUND
- Source citation: Work cat.: (JO-AjAnu)1549: Algeria/ Guyana, author 2956, WORKERS' SELF-MANAGEMENT AND PARTICIPATION IN DECISION -MAKING AS A FACTOR OF SOCIAL CHANGE AND ECONOMIC PROGRESS IN DEVELOPING COUNTRIES